000 01919cam a22004934i 4500
003 PE-LiUPU
005 20250731165508.0
008 150623s r 000 0 d
020 _a1841271497
035 _a(Sirsi) i9781841271491
040 _aPE-LiUPU
_bspa
_cPE-LiUPU
_erda
049 _aPRUA
082 0 4 _a225.077
_bJ
_221
100 1 _aO'Mahony, Kieran J.,
_eautor.
245 1 0 _aPauline persuasion :
_ba sounding in 2 Corinthians 8-9.
_n199 /
_cKieran J. O'Mahony.
264 1 _aSheffield, England :
_bSheffield Academic Press,
_c2000.
300 _a209 páginas :
_bilustraciones, gráficos ;
_cIncluye bibliografía.
336 _atext
_2rdacontent
337 _aunmediated
_2rdamedia
338 _avolume
_2rdacarrier
490 0 _aJournal for the Study of the New Testament. Supplement Series ;
_v199
505 0 _aIntroduction and methology. -History of rhetorical readings of 2 corinthians 8-9. -Delimitation of 2 corinthians 8-9. -Rhetorical reading of 2 corinthians 8-9. -Synthesis. -Conclusion.
526 _aSEG44
526 _aSEG26
526 _aP151
526 _aP150
526 _aP149
526 _aP146
526 _aP145
526 _aP126
526 _aP125
526 _aP92
526 _aP75
526 _aP74
526 _aP27
526 _aP15
630 _aBiblia.
_pN.T.
_pCorintios II
_xComentarios.
942 _2ddc
_cBOOK
949 _aRC 225.077 J 199
_wDEWEY
_c1
_i48212
_lCCODEBUL1
_mBUL
_r0
_sY
_tBOOK
_u2015-6-24
_xTEOLOGIA
_PP35
_0COMPRA
_o.CIRCNOTE. No olvidar cambiar la fecha de devolución!!!!!!!
_o.STAFF. Colección General
994 _aC0
_bPEPRU
596 _a1
999 _aRC 225.077 J 199
_wDEWEY
_c25770
_i48212
_f2021-11-8
_g6
_lCCODEBUL1
_mBUL
_r1
_sY
_tBOOK
_u2015-6-24
_xTEOLOGIA
_PP35
_0COMPRA
_o.CIRCNOTE. No olvidar cambiar la fecha de devolución!!!!!!!
_o.STAFF. Colección General
_d25770
980 _81
_gALBERTO SANCHEZ Responsable de Automatización